Rok na zahradě /

Hlavní autor: Mayer, Joachim
Další autoři: Štorkánová, Anna, 1950-
Jazyk: Čeština
Vydáno: [Líbeznice] : Víkend, 2015
Edice: Rychlý rádce
Témata:
Fyzický popis: 122 stran : barevné ilustrace ; 19 x 23 cm
Knihy
Uloženo v:
LEADER 02090cam a2200553 i 4500
001 nkc20152703793
003 CZ PrNK
005 20240412112531.0
007 ta
008 150521s2015 xr a e f 001 0 cze d
015 |a cnb002703793 
020 |a 978-80-7433-113-8  |q (vázáno) :  |c Kč 289,00 
035 |a (OCoLC)928738212 
040 |a KLG001  |b cze  |d OLA001  |d ABA001  |e rda 
041 1 |a cze  |h ger 
072 7 |a 635  |x Zahrádkářství  |2 Konspekt  |9 24 
080 |a 633/635.018  |2 MRF 
080 |a 633/635.01/.04  |2 MRF 
080 |a 633/635.01/.04  |2 MRF 
080 |a 635.9.01/.04  |2 MRF 
080 |a (035)  |2 MRF 
100 1 |a Mayer, Joachim  |7 xx0032525  |4 aut 
240 1 0 |a Soforthelfer Gartenjahr.  |l Česky 
245 1 0 |a Rok na zahradě /  |c Joachim Mayer ; z německého originálu Die 99 schnellsten Antworten Kosmos Soforthelfer - Gartenjahr ... přeložila Anna Štorkánová 
264 1 |a [Líbeznice] :  |b Víkend,  |c 2015 
300 |a 122 stran :  |b barevné ilustrace ;  |c 19 x 23 cm 
336 |a text  |b txt  |2 rdacontent 
337 |a bez média  |b n  |2 rdamedia 
338 |a svazek  |b nc  |2 rdacarrier 
490 1 |a Rychlý rádce 
500 |a Obálkový podnázev: více než 99 rad pro rychlé řešení problémů 
500 |a Obsahuje rejstřík 
650 0 7 |a zahrádkářství  |7 ph116733  |2 czenas 
650 0 7 |a pěstování zahradních rostlin  |7 ph124860  |2 czenas 
650 0 7 |a pěstování užitkových rostlin  |7 ph305446  |2 czenas 
650 0 7 |a pěstování okrasných rostlin  |7 ph134962  |2 czenas 
650 0 9 |a gardening  |2 eczenas 
650 0 9 |a garden plants cultivation  |2 eczenas 
650 0 9 |a useful plants cultivation  |2 eczenas 
650 0 9 |a ornamental plants cultivation  |2 eczenas 
655 7 |a příručky  |7 fd133209  |2 czenas 
655 9 |a handbooks and manuals  |2 eczenas 
700 1 |a Štorkánová, Anna,  |d 1950-  |7 ola2003188521  |4 trl 
830 0 |a Rychlý rádce  |0 s 
910 2 |a BOA001  |b 2-1352.460 
990 |a BK 
995 |a 01 
991 |b 201510  |c NOV  |e n 
996 6 |b 2610643508  |c 2-1352.460  |l MZK  |r Sklad / do 1 hodiny  |n 1  |p p.v.  |w 001522225  |u 000010  |a 1  |e BOA001  |j MZK50  |s P